International Construction Measurement Standards (Record no. 121112)

MARC details
000 -LEADER
fixed length control field 01630cam a22002895a 4500
001 - CONTROL NUMBER
control field K121112
008 - FIXED-LENGTH DATA ELEMENTS--GENERAL INFORMATION
fixed length control field 170801s2019 xxk f 000 0 eng d
020 ## - INTERNATIONAL STANDARD BOOK NUMBER
ISBN 9781783215757
035 ## - SYSTEM CONTROL NUMBER
System control number (Sirsi) u159489
041 0# - LANGUAGE CODE
Language code of text/sound track or separate title eng
050 04 - Library of Congress Classification
Class mark 692.3095
110 2# - MAIN ENTRY--CORPORATE NAME
Corporate author International Construction Measurement Standards Coalition
240 ## - UNIFORM TITLE
Uniform title <a href="ICMS">ICMS</a>
245 00 - TITLE STATEMENT
Title International Construction Measurement Standards
Subtitle Global consistency in presenting construction costs
250 ## - EDITION
Edition statement 2 ed
260 ## - PUBLICATION INFORMATION
Place of publication London
Publisher ICMSC
Date 2019
490 #0 - SERIES TITLE
Series statement RICS Guidance Note
520 ## - ABSTRACT
Abstract International Construction Measurement Standards (ICMS) aim to provide global consistency in classifying, defining, measuring, analysing and presenting entire construction costs at a project, regional, state, national or international level. This project is the first of its kind with global coverage and brings together 45 organisations from around the world to create shared international standards to create a new universal system that, for the first time, enables global comparison of construction project costs on a like-for-like basis between countries. Supersedes 1st ed ISBN 9781783211975<br/>
590 ## - LOCAL NOTE (RLIN)
Local note KA
650 ## - KEYWORDS
Keywords Construction costs
650 ## - KEYWORDS
Keywords ICMS2
650 ## - KEYWORDS
Keywords Life cycle
651 #4 - SUBJECT ADDED ENTRY--GEOGRAPHIC NAME
Geographic name International
690 ## - BROAD SUBJECT
Broad subject Measurement
9 (RLIN) 6256
856 40 - ONLINE RESOURCE
Uniform Resource Identifier <a href="http://web.archive.org/web/20220316100721/https://www.rics.org/globalassets/rics-website/media/upholding-professional-standards/sector-standards/construction/international-construction-measurement-standards-2nd-edition-rics.pdf">http://web.archive.org/web/20220316100721/https://www.rics.org/globalassets/rics-website/media/upholding-professional-standards/sector-standards/construction/international-construction-measurement-standards-2nd-edition-rics.pdf</a>
Public note Available on the web archive here
942 ## - ADDED ENTRY ELEMENTS (KOHA)
Suppress in OPAC Do not suppress in OPAC
Holdings
Lost status Damaged status Not for loan Home library Current library Shelving location Date acquired Total Checkouts Full call number Date last seen Price effective from Koha item type
      Archives Archives Archive copy 16/10/2019   2019/13 RICS 16/10/2019 16/10/2019 Book
      London London RICS Boxes 16/10/2019   2019/13 RICS 16/10/2019 16/10/2019 Book